000 00606nam a22002177a 4500
003 IT-MiCISF
005 20250417113058.0
008 241217b |||||||| |||| 00| 0 eng d
040 _cIT-MiCISF
041 _ait
100 _aBrustia Marina
_962087
245 _aIl valore della consulenza educativa
250 _a"Consultori familiari oggi", n. 2, luglio-dicembre
260 _c2024
300 _app.28-42
310 _asemestrale
500 _aconsulenza, educazione, consultori, storia, tecniche-di-consulenza
650 _aConsulenza-familiare
654 _aarticolo
942 _2ddc
_cCR
999 _c360285
_d360285